MARC

LEADER 00000nam0a2200000 4500
001 25661
005 20241127165543.0
010 |a 5887300663 
035 |a (RuTPU)RU\TPU\book\25898 
035 |a BOOK00025973 
090 |a 25661 
100 |a 20011209d2000 m y0rusy50 ca 
101 0 |a rus 
102 |a RU 
105 |a y j 000zd 
200 1 |a Лекции по русской истории  |f С. Ф. Платонов 
210 |a Москва  |c Летопись-М  |d 2000 
215 |a 742 с. 
600 0 |a Иван Грозный  |d IV  |c великий князь московский, первый русский царь  |f 1530-1584  |c из династии Рюриковичей  |2 stltpui  |3 (RuTPU)RU\TPU\pers\1414 
600 0 |a Петр Великий  |d I  |f 1672-1725  |c российский царь из династии Романовых  |c первый российский император  |2 stltpui  |3 (RuTPU)RU\TPU\pers\365 
600 0 |a Павел  |d I  |f 1754-1801  |c российский император  |c из династии Романовых  |2 stltpui  |3 (RuTPU)RU\TPU\pers\358 
600 0 |a Александр  |d I  |f 1777-1825  |c российский император с 1801 г.  |c из династии Романовых  |2 stltpui  |3 (RuTPU)RU\TPU\pers\8 
600 0 |a Николай  |d I  |c российский император из династии Романовых  |f 1796-1855  |2 stltpush  |3 (RuTPU)RU\TPU\pers\7201 
606 |a Россия  |x История  |9 81526 
610 1 |a Древняя Русь 
610 1 |a Киевская Русь 
610 1 |a Московское государство 
610 1 |a 15 век 
610 1 |a 16 век 
610 1 |a 17 век 
610 1 |a 18 век 
610 1 |a 19 век 
610 1 |a цари русские 
610 1 |a учебные пособия 
686 |a Т3(2)я7  |2 rubbk 
700 1 |a Платонов  |b С. Ф.  |g Сергей Федорович 
801 0 |a RU  |b 63413507  |c 20011209  |g PSBO 
801 2 |a RU  |b 63413507  |c 20120705  |g PSBO 
942 |c BK